La vida es sueño / (Record no. 149281)

MARC details
000 -CABECERA
campo de control de longitud fija 00671nam a2200205 u 4500
005 - FECHA Y HORA DE LA ÚLTIMA TRANSACCIÓN
campo de control 20230602063631.0
008 - ELEMENTOS DE LONGITUD FIJA--INFORMACIÓN GENERAL
campo de control de longitud fija 100706s2008 es r 000 0 spa d
020 ## - NÚMERO INTERNACIONAL NORMALIZADO PARA LIBROS
Número Internacional Estándar del Libro 9788467528800
035 ## - NÚMERO DE CONTROL DEL SISTEMA
Número de control de sistema UPN01000177178
049 ## - COLECCIÓN
Colección CG
050 #4 - SIGNATURA TOPOGRÁFICA DE LA BIBLIOTECA DEL CONGRESO
Número de clasificación PQ6281 A2
Número de documento/Ítem V5b
100 1# - ASIENTO PRINCIPAL--NOMBRE PERSONAL
Nombre de persona Calderón de la Barca, Pedro,
Fechas asociadas al nombre 1600-1681
9 (RLIN) 28623
245 13 - MENCIÓN DE TÍTULO
Título La vida es sueño /
Mención de responsabilidad, etc. Pedro Calderón de la Barca ; adap. Ricardo Gómez ; il. Federico Delicado.
260 ## - PUBLICACIÓN, DISTRIBUCIÓN, ETC.
Lugar de publicación, distribución, etc. Madrid :
Nombre del editor, distribuidor, etc. SM,
Fecha de publicación, distribución, etc. c2008.
300 ## - DESCRIPCIÓN FÍSICA
Extensión 77 p. :
Otras características físicas il. col.
650 #0 - ASIENTO SECUNDARIO DE MATERIA - TERMINO TEMATICO
Término de materia o nombre geográfico como elemento de entrada Teatro español
Subdivisión cronológica 1500-1700
9 (RLIN) 7208
650 #4 - ASIENTO SECUNDARIO DE MATERIA - TERMINO TEMATICO
Término de materia o nombre geográfico como elemento de entrada Literatura española
Subdivisión cronológica Época clásica, 1500-1700
9 (RLIN) 13879
905 ## - TIPO DE MATERIAL
Tipo de material Libro
Holdings
Estado de retiro Estado de pérdida Fuente del sistema de clasificación o colocación Estado dañado No para préstamo Código de colección Localización permanente Ubicación/localización actual Ubicación en estantería Total de préstamos Clasificación Código de barras Fecha visto por última vez Número de copia Tipo de ítem Koha
    Library of Congress Classification     Colección General Bib. Gregorio Torres Quintero Bib. Gregorio Torres Quintero Planta baja 5 PQ6281 A2 V5b 273134 31/12/2020 1 Libro